Pokemon characters A to Z - Statistics

General Stats
  • This quiz has been taken 23 times
    21 since last reset
  • The average score is 18 of 26
Answer Stats
Letter Clue Answer % Correct
B The first Pokemon in the national pokedex Bulbasaur
100%
E A Pokemon that has 8 different evolutions Eevee
93%
J The fastest eevee evolution Jolteon
93%
N A Pokemon that has a female and male form with the same name Nidoran
93%
O A rocky Pokemon that requires a metal coat to evolve Onix
87%
P The Mascot of the franchise Pikachu
87%
R A Pokemon that goes into appliances Rotom
80%
L A Pokemon that can sense auras and can mega evolve Lucario
73%
U A Pokemon that is based on the alphabet Unown
73%
Y The god of death and was in a war 3,000 years prior to the events of its own region Yveltal
73%
Z The last Pokemon alphabetically Zygarde
73%
H A Pokemon that has a robotic counterpart called "Iron Hands" Hariyama
67%
I A robotic version of a Pokemon called "Hydreigon" Iron Jugulis
67%
K The 1007th Pokemon: Mascot of Pokemon Scarlet Koraidon
67%
S A Pokemon that has over 4 billion combinations Spinda
67%
V A Pokemon that recently got a mega evolution Victreebel
67%
W A Pokemon that evolves into a Water and Ground type Wooper
67%
X A Pokemon that is from another world, an electric type Pokemon Xurkitree
67%
D A Pokemon that feasts on dreams Drowzee
60%
Q A dancer duck that is a water and fighting type Quaquaval
60%
M A evil Pokemon with dangerous hypnotic powers Malamar
53%
T A Pokemon that was created by a certain corporation to help destroy Ultra Beasts Type: Null
53%
C A Pokemon with the signature move "Bitter Blade" Ceruledge
40%
F A Pokemon that evolves into a Pokemon that looks like Lady Gaga Flittle
40%
G A Pokemon that manipulates people; middle evolution from Gen 5 Gothorita
40%
A First in the alphabet order Abomasnow
33%
No matching quizzes found
Score Distribution
Percent of People with Each Score
Percentile by Number Answered
Your Score History
You have not taken this quiz since the last reset